Protlačování oceli /

Guardado en:
Detalles Bibliográficos
Autor principal: Feldmann, Heinz D (Autor)
Formato: Libro
Lenguaje:checo
Publicado: Praha : SNTL, 1962
Materias:
Etiquetas: Agregar Etiqueta
Sin Etiquetas, Sea el primero en etiquetar este registro!

MARC

LEADER 00000nam a22000003a 4500
001 stu36027
005 20150617225730.8
008 920520s1962----cs------------------cze-d
040 |a STU  |b slo 
041 0 |a cze 
044 |a cs 
080 |a 621.777.4 
100 1 |a Feldmann, Heinz D  |4 aut 
245 1 |a Protlačování oceli /  |c [aut.]Heinz D. Feldmann 
260 |a Praha :  |b SNTL,  |c 1962 
300 |a 197 s 
650 7 |a Pretláčanie  |2 stusub 
650 7 |a oceľ  |2 stusub 
996 |b M 13351  |c M*3041-1/2  |l MMKN  |s A  |a 24  |w stu36027_0001 
996 |b 284M054012  |c M*3041-2  |l MMKN  |s A  |a 24  |w stu36027_0002